00802nam a2200193 i 4500001000400000100003000004245015300034260006500187300003500252650005500287655003500342040000800377041000800385942000700393008004100400999001700441856009800458952005200556bgj1 aPETERSON, Patricia Wilcox10aDeveloping writing :bwriting skills practice book for beginning/intermediate students of English as a foreign language /cPatricia Wilcox Peterson. aWashington, D.C. :bUnited States Information Agency,c1985. aXII, 143 pp :bdraw. ;c26 cm. 9aEnglish languagexWriting |beginning/|intermediate aTextbooks for foreign speakers cBPK0 aeng cKS s uk f |000 0 eng  c47727d47727 uhttp://koha.tu.koszalin.pl/cgi-bin/koha/opac-detail.pl?biblionumber=47727yKatalog online BPK 00104070aBPKbBPKckwoKA 4348p09005174yKS